North American Cities by Picture - Statistics

General Stats
  • This quiz has been taken 33 times
  • The average score is 12 of 15
Answer Stats
Picture Answer % Correct
New York City
100%
Toronto
100%
Washington D.C.
96%
Chicago
93%
San Francisco
93%
St. Louis
93%
Orlando
89%
Los Angeles
86%
Mexico City
86%
Havana
75%
Ottawa
71%
Quebec City
64%
Honolulu
61%
Panama City
61%
Puebla City
0%
No matching quizzes found
Score Distribution
Percent of People with Each Score
Percentile by Number Answered
Your Score History
You have not taken this quiz